| 000 | 01096cam a2200337 4500 | ||
|---|---|---|---|
| 001 | 1240932 | ||
| 005 | 20260216161723.0 | ||
| 008 | 711103s1971 nyu 000 0 eng | ||
| 010 | _a 71160404 | ||
| 020 | _a0151998906 | ||
| 020 | _a9780151998906 | ||
| 035 | _a1240932 | ||
| 040 |
_aDLC _cDLC _dDLC |
||
| 043 | _an-us--- | ||
| 050 | 0 | 0 |
_aHQ799.7 _b.K46 |
| 082 | 0 | 0 |
_a301.63 _bKEN |
| 100 | 1 |
_aKeniston, Kenneth. _9104735 |
|
| 245 | 1 | 0 |
_aYouth and dissent; _bthe rise of a new opposition. _cKenneth Keniston |
| 250 | _a[1st ed.] | ||
| 260 |
_aNew York, _bHarcourt Brace Jovanovich, INC, _c[1971] |
||
| 300 |
_axii, 403 p. _c25 cm. |
||
| 336 |
_atext _btxt _2rdacontent |
||
| 337 |
_aunmediated _bn _2rdamedia |
||
| 338 |
_avolume _bnc _2rdacarrier |
||
| 650 | 0 |
_aYoung adults _xPolitical activity _zUnited States. _9133266 |
|
| 650 | 0 |
_aAlienation (Social psychology) _933508 |
|
| 650 | 0 |
_aRadicalism _zUnited States. _991373 |
|
| 906 |
_a7 _bcbc _corignew _d2 _encip _f19 _gy-gencatlg |
||
| 942 |
_2ddc _cBK |
||
| 999 |
_c616226 _d616226 |
||